000 00947nas a2200301 4500
001 BR2016004354
003 BR-BrBNA
005 20231205130737.0
007 ta
008 230509b bl.|||p| |||| 00| 00por d
040 _aBR-BrBNA
_bpor
_cBiblioteca Nacional de Agricultura
041 _a(En)
072 _aJ11
100 1 _aRosa, C.I.L.F,
100 1 _aClemente, E.
100 1 _aOliveira, D.M.
100 1 _aTodisco, K.M.
100 1 _aCosta, J.M.C. da
245 1 _aEffects of 1-MCP on the post-harvest quality of the orange cv. pera stored under refrigeration
650 _aLARANJA PERA
650 _aANTIOXIDANTE
650 _aMÉTODO DE APLICAÇÃO
650 _aPRESERVAÇÃO DE ALIMENTO
650 _aARMAZENAMENTO DE ALIMENTO
773 0 _tRevista Ciência Agronômica (Brazil)
_xISSN 0045-6888
_g(Oct-Dec 2016), v. 47(4) p. 624-632
_wBR2016004354
909 _a202311
_bLúcia
_c55
_dLúcia Elande
942 _2AGRIS
_n0
_cANA
999 _c250967
_d250967